UM Logo
Normal view MARC view
  • English language

Entry Topical Term

Number of records used in: 1

001 - CONTROL NUMBER

  • control field: 40619

003 - CONTROL NUMBER IDENTIFIER

  • control field: OSt

005 - DATE AND TIME OF LATEST TRANSACTION

  • control field: 20191115105328.0

008 - FIXED-LENGTH DATA ELEMENTS

  • fixed length control field: 191115|| aca||aabn | a|a d

040 ## - CATALOGING SOURCE

  • Original cataloging agency: OSt
  • Transcribing agency: OSt

150 ## - HEADING--TOPICAL TERM

  • Topical term or geographic name entry element: English language
  • General subdivision: Grammar.

670 ## - SOURCE DATA FOUND

  • Source citation: Work cat.: (OSt)14615: 40445 Mumford, Simon., Making grammar connections, increasing connectedness/, Apr-Oct 2011.